Kẻ nhập môn muộn mằn : Tập truyện ngắn
Enregistré dans:
| Auteur principal: | |
|---|---|
| Format: | Livre |
| Langue: | Undetermined |
| Publié: |
Hà Nội
Hội Nhà Văn
2004
|
| Sujets: | |
| Tags: |
Ajouter un tag
Pas de tags, Soyez le premier à ajouter un tag!
|
| Thư viện lưu trữ: | Trung tâm Học liệu Trường Đại học Cần Thơ |
|---|
| LEADER | 00569nam a2200193Ia 4500 | ||
|---|---|---|---|
| 001 | CTU_226377 | ||
| 008 | 210402s9999 xx 000 0 und d | ||
| 082 | |a 895.9223 | ||
| 082 | |b O.408 | ||
| 100 | |a Vũ, Oanh | ||
| 245 | 0 | |a Kẻ nhập môn muộn mằn : | |
| 245 | 0 | |b Tập truyện ngắn | |
| 245 | 0 | |c Vũ Oanh | |
| 260 | |a Hà Nội | ||
| 260 | |b Hội Nhà Văn | ||
| 260 | |c 2004 | ||
| 650 | |a Short stories, Vietnamese,Truyện ngắn Việt Nam | ||
| 910 | |b vtbtruc | ||
| 980 | |a Trung tâm Học liệu Trường Đại học Cần Thơ | ||